| 000 | 00717nam a2200229 i 4500 | ||
|---|---|---|---|
| 001 | Rebiun09914485 | ||
| 003 | AR-RoIUNI | ||
| 005 | 20240522123044.0 | ||
| 007 | ta | ||
| 008 | 950523s19930000ag oa hi 0010 spadd | ||
| 020 | _a9500602148 | ||
| 040 | _cIUNIR | ||
| 080 | _a618.1 BLA | ||
| 100 | 1 | _aBland, Kirby I. | |
| 245 | 1 | 3 |
_aLa mama : _bmanejo multidisciplinario de las enfermedades benignas y malignas / _cKirby I. Bland, Edward M. Copeland ; [traducción Ubaldo Patrone] |
| 260 |
_aBuenos Aires [etc.] : _bEditorial Médica Panamericana, _c1993 |
||
| 300 |
_a1360 p. : _bil. ; _c26 cm |
||
| 650 | 4 | _aEnfermedades | |
| 650 | 4 | _aMamas | |
| 700 | 1 |
_aCopeland, Edward M. (III), _ecoaut |
|
| 942 |
_2cdu _cBK |
||
| 999 |
_c5880 _d5880 |
||